One Piece: personnages saga île des hommes poissons - Statistiques

Statistiques générales
  • Ce quiz a été pris 230 fois
  • Le résultat moyen est 41 sur 81
Statistiques - réponses
Hint Réponse % Correct
Musicien de l'équipage au Chapeau de Paille Brook
100%
Charpentier de l'équipage au Chapeau de Paille Franky
100%
Navigatrice de l'équipage au Chapeau de Paille Nami
100%
Archéologue de l'équipage au Chapeau de Paille Nico Robin
100%
Combattant de l'équipage au Chapeau de Paille Roronoa Zoro
100%
Médecin de l'équipage au Chapeau de Paille Tony Tony Chopper
100%
Capitaine de l'équipage au Chapeau de Paille Monkey D Luffy
99%
Cuisinier de l'équipage au Chapeau de Paille Vinsmoke Sanji
99%
Tireur de l'équipage au Chapeau de Paille Usopp
98%
Membre des 7 Grands Corsaires qui a defendu le Thousand Sunny Bartholomew Kuma
97%
Princesse d'Amazon lily Boa Hancock
94%
Second du Roi des pirates Rayleigh
93%
Homme poisson baleine ancien membre des grands Corsaires Jinbe
91%
Roi du Royaume Ryugu Neptune
88%
Princesse fantôme Perona
88%
Princesse Sirène du Royaume Ryugu Shirahoshi
85%
Pirate ayant mangé le fruit du marais Caribou
80%
Homme poisson poulpe du Royaume Ryugu Octo
78%
Ancien capitaine de l'équipage des pirates du soleil Fisher Tiger
77%
Ancien homme poisson requin scie de l'équipage des pirates du soleil Arlong
74%
Cyborg représentant un grand Corsaire Pacifista
72%
Chef des Roserlife Riders Duval
70%
Capitaine de l'équipage des New Fishman Hody Jones
70%
Sirène du Royaume Ryugu alliée à l'équipage au chapeau de paille Camie
69%
Ex-garde du corp de Vegapunk. Sentomaru
67%
Frère du pirate ayant mangé le fruit du marais Coribou
66%
Monstre marin vache Meuh Meuh
66%
Reine du Royaume Ryugu décédée Otohime
66%
Habitant de l'archipel de Boing Héracles
65%
Étoile de mer du Royaume Ryugu Pappug
63%
Prince sirène du Royaume Ryugu Fukaboshi
62%
Capitaine du hollandais volants allié à l'équipage des New Fishman Van der decken IX
61%
Minks de l'équipage de Big Mom Pekoms
59%
Ancien vice amiral devenu amiral Borsalino Kizaru
58%
Baron de l'équipage de Big Mom Tamago
55%
Ancien homme poisson sirène de l'équipage des pirates du soleil Aladin
53%
Capitaine du faux équipage aux Chapeau de Paille Demalo Black
49%
Prince sirène du Royaume Ryugu Manboshi
49%
Ancienne pirate poursuivie par Garp Shakky
49%
Requin de la Princesse Sirène Megalo
47%
Ancienne esclave de l'équipage des pirates du soleil Koala
45%
Prince sirène du Royaume Ryugu Ryuboshi
45%
Homme poisson géant à l'équipage des New Fishman Wadatsumi
45%
Ministre homme poisson du Royaume Ryugu Ministre de la droite
44%
Ministre homme poisson du Royaume Ryugu Ministre de la gauche
44%
Sirène voyante Shirley
43%
Ancien homme poisson de l'équipage des pirates du soleil Smack
42%
Poulpe géant des abysses Surimi
42%
Homme poisson capable de se camoufler de l'équipage des New Fishman Zeo
35%
Ancien homme de l'équipage des pirates du soleil Kuroobi
33%
Membre du faux équipage aux Chapeau de Paille jouant le rôle de la navigatrice Chocolat
30%
Homme poisson capable de creuser de l'équipage des New Fishman Daruma
30%
Baleine du roi du Royaume Ryugu Hoé
30%
Homme poisson sirène frère de Tom Den
29%
Homme poisson requin marteau de l'équipage des New Fishman Dosun
29%
Mercenaire homme poisson épéiste de l'équipage des New Fishman Hyozo
24%
Ancien homme poisson de l'équipage des pirates du soleil Macro
24%
Habitant de Weatheria Haredas
22%
Pirate de la nouvelle génération à la prime de 92 millions de berrys Albion
21%
Sirène quintuplée Médeux
21%
Membre du faux équipage aux Chapeau de Paille jouant le rôle du Cuisinier Drip
20%
Homme poisson calmar de l'équipage des New Fishman Icaros muchi
20%
Pirate de la nouvelle génération à la prime de 88 millions de berrys Lip Doughty
20%
Sirène quintuplée Médaquatre
20%
Homme poisson de l'équipage des New Fishman Hammond
19%
Sirène quintuplée Médune
19%
Dragon céleste venu découvrir l'île des homme poissons Saint Mjosgard
19%
Marine devenu vice amiral Strawberry
19%
Sirène du Royaume Ryugu Ishilly
18%
Sirène quintuplée Médaquatre bis
18%
Sirène quintuplée Médatrois
18%
Membre du faux équipage aux Chapeau de Paille jouant le rôle du combattant Manjaro
17%
Pirate à la pince de crabe dont la prime s'élève à 73 millions de berrys Gyro
14%
Membre du faux équipage aux Chapeau de Paille jouant le rôle du médecin Nora Gitsune
14%
Membre du faux équipage aux Chapeau de Paille jouant le rôle de l'archéologue Cacao
13%
Femme poisson poulpe Octopako
13%
Manager de Soul King appartenant à la tribu des longs bras Sancrin
13%
Ancien homme poisson de l'équipage des pirates du soleil Gyaro
11%
Ancien homme poisson de l'équipage des pirates du soleil Tansui
11%
Travelo ayant fait don de son sang Splatter
10%
Travelo ayant fait don de son sang Splash
9%
Aucun quiz correspondant
Distribution des résultats
% des personnes avec chaque résultat
Percentile par nombre de réponses
Votre historique - résultats
Vous n’avez pas pris ce quiz